UK Town and City Trivia - Nottingham - Statistics

General Stats
  • This quiz has been taken 86 times
  • The average score is 10 of 15
Answer Stats
Hint Answer % Correct
Legendary heroic outlaw and arch-enemy of the Sheriff of Nottingham Robin Hood
100%
Oldest professional association football club in the world Notts {County}
91%
Pharmaceutical company and high street retailer founded in Nottingham in 1849 Boots
89%
Manager under whom Nottingham Forest F.C. had their most successful period (1975-1993) Brian Clough
80%
Large annual fair and festival held at the Forest Recreation Ground {Goose} Fair
78%
Traditional home for Nottingham's fabric industry and now a popular tourist attraction {Lace} Market
77%
Nottingham test cricket ground Trent Bridge
73%
Sport exelled in by Clifton born Jayne Torville and her partner Christopher Dean Figure skating
69%
Ancient pub with adjoining caves dug into Nottingham castle rock Ye Olde Trip to {Jerusalem}
69%
Deer park and gardens to the west of the city centre {Wollaton} Hall
61%
Activity centre based at Holme Pierrepont Country Park National {Water} Sports Centre
58%
Anti-inflammatory, analgesic drug discovered at the above company in 1961 Ibuprofen
57%
Nottingham born actress and star of 1980's TV show, 'Hi-de-Hi!' Su Pollard
36%
Acronym used for Nottingham's tram system NET (Nottingham Express Transit)
34%
Nickname for the hour bell housed in the dome of Nottingham Council House Little John
11%
No matching quizzes found
Score Distribution
Percent of People with Each Score
Percentile by Number Answered
Your Score History
You have not taken this quiz